000 00626nam a22002297a 4500
005 20170124110105.0
010 _a460628
020 _c00.00
035 _a460628
037 _bCen Lib/Ret
040 _aDPL
_bEN
082 _a921
_bHUX
100 _aHuxley, Aldous
_95814
245 _aGrey eminence :
_cby Aldous Huxley
_ba study in religion and politics /
260 _aLondon
_bChatto and windus
_c1956
270 _bLondon
300 _a330p.
_c18cm(Hb)
500 _aIncludes index
650 _aChristianity and politics
_927922
650 _aDiplomats
_927923
942 _2ddc
_cEN
_h921
_mHUX
999 _c129964
_d129964